000 00331nam a2200133Ia 4500
008 220217s9999||||xx |||||||||||||| ||und||
020 _a81-7808-489-9
082 _a621.392 PAL
100 _aPalinitkar, Samir
_92104
245 0 _aVerilog HDL
260 _aPearson education
_bDelhi
_c2002
300 _b325
650 _aVHDL
999 _c171976
_d171976